000 00541cam a22002291 4500
001 sa 63003175
003 DLC
005 20260227111939.0
008 940805s1962 ii 000 1 beno
010 _asa 63003175
025 _aPL480:I-B-468
035 _a(OCoLC)30890646
040 _aDLC
_cCU
_dCU
_dDLC
042 _apremarc
050 0 0 _aPK1718.B39
_bS25
100 1 _aBasu, Samareśa,
_d1924-1988.
245 1 0 _aSāgara pāre.
260 _c[1962]
300 _a142 p.
_c18 cm.
500 _aIn Bengali.
500 _aA novel.
999 _c54929
_d54929